[Event "Kaluga Tsiolkovsky Memorial op"]
[Site "Kaluga"]
[Date "2013.08.07"]
[Round "5"]
[White "Baroyan, Karen"]
[Black "Gavrilichev, Aleksandr"]
[Result "1/2-1/2"]
[WhiteElo "1792"]
[BlackElo "2025"]
[PlyCount "130"]
[EventDate "2013.08.03"]
[EventType "swiss"]
[EventRounds "9"]
[EventCountry "RUS"]
[SourceTitle "CBM 156 Extra"]
[Source "ChessBase"]
[SourceDate "2013.10.22"]
[SourceVersion "1"]
[SourceVersionDate "2013.10.22"]
[SourceQuality "1"]

1. d4 d5 2. c4 e6 3. Nc3 Nf6 4. Bg5 Be7 5. Nf3 0-0 6. e3 Nbd7 7. cxd5 Nxd5 8. Bxe7 Qxe7 9. Qc2 Nb4 10. Qd2 c5 11. a3 cxd4 12. Nxd4 Nd5 13. Be2 N7f6 14. 0-0 Nxc3 15. Qxc3 e5 16. Nf3 Bg4 17. h3 Rac8 18. Qb3 Be6 19. Qa4 Bd5 20. Rac1 a6 21. Qa5 Rfe8 22. Rfd1 Bc6 23. Nd2 Red8 24. Nf3 Rxd1+ 25. Bxd1 Re8 26. Qc5 Qe6 27. Be2 h6 28. Rd1 Qf5 29. b4 Ne4 30. Qc2 g5 31. Bd3 Re6 32. Bxe4 Bxe4 33. Rd8+ Kg7 34. Qe2 g4 35. Nh4 Qg5 36. Qxg4 Bg6 37. Rd7 b6 38. Nxg6 Qxg6 39. Qxg6+ Kxg6 40. Kf1 Rc6 41. Ke2 Rc3 42. Rd6+ f6 43. Rxb6 Rxa3 44. Kf3 a5 45. bxa5 Rxa5 46. g4 Ra1 47. Kg3 Rg1+ 48. Kh2 Ra1 49. f4 exf4 50. exf4 Ra3 51. Rb7 Rf3 52. Rb4 h5 53. Kg2 Rc3 54. Rb5 hxg4 55. hxg4 Rc6 56. Kg3 Kh6 57. Kh4 Ra6 58. Rf5 Kg6 59. Rb5 Kh6 60. Rf5 Kg6 61. Rd5 Kh6 62. g5+ fxg5+ 63. Rxg5 Ra1 64. Kg4 Rg1+ 65. Kf5 Rxg5+ 1/2-1/2

[Event "Kaluga Tsiolkovsky Memorial op"]
[Site "Kaluga"]
[Date "2012.08.07"]
[Round "8"]
[White "Gavrilichev, Aleksandr"]
[Black "Nozdrachev, Leonid"]
[Result "0-1"]
[WhiteElo "2073"]
[BlackElo "2385"]
[PlyCount "62"]
[EventDate "2012.07.30"]
[EventType "swiss"]
[EventRounds "9"]
[EventCountry "RUS"]
[SourceTitle "EXT 2014"]
[Source "ChessBase"]
[SourceDate "2013.11.20"]
[SourceVersion "1"]
[SourceVersionDate "2013.11.20"]
[SourceQuality "1"]

1. e4 e5 2. Nf3 Nc6 3. Bb5 a6 4. Bxc6 dxc6 5. h3 Qf6 6. 0-0 Bd7 7. d4 exd4 8. Bg5 Qg6 9. Qxd4 f6 10. Bf4 Bxh3 11. Bg3 Rd8 12. Qe3 Bg4 13. Bxc7 Rd7 14. Bg3 Nh6 15. Nc3 Qh5 16. Rad1 Bc5 17. Qf4 Rxd1 18. Nxd1 0-0 19. e5 b5 20. Ne3 fxe5 21. Qxe5 Bxf3 22. gxf3 Qxe5 23. Bxe5 Rxf3 24. Kg2 Rf8 25. Rd1 Bxe3 26. fxe3 Ng4 27. Bd4 h5 28. Rd2 Rd8 29. b4 Kf7 30. c4 bxc4 31. Rc2 Rxd4 0-1

[Event "CFO-ch Seniors"]
[Site "Kaluga"]
[Date "2011.03.06"]
[Round "?"]
[White "Khozhanov, Khazhanurat"]
[Black "Gavrilichev, Aleksandr"]
[Result "0-1"]
[WhiteElo "1953"]
[BlackElo "2088"]
[PlyCount "110"]
[EventDate "2011.03.05"]
[EventType "swiss"]
[EventRounds "9"]
[EventCountry "RUS"]
[SourceTitle "CBM 141 Extra"]
[Source "ChessBase"]
[SourceDate "2011.05.03"]
[SourceVersion "1"]
[SourceVersionDate "2011.05.03"]
[SourceQuality "1"]

1. c4 Nf6 2. Nc3 e5 3. g3 d5 4. cxd5 Nxd5 5. Bg2 Be6 6. Nf3 Nd7 7. 0-0 Be7 8. d4 Nxc3 9. bxc3 e4 10. Nd2 f5 11. c4 c6 12. Rb1 Qc7 13. Bb2 0-0 14. Qc2 Nb6 15. Rfc1 Bb4 16. d5 cxd5 17. c5 Bxd2 18. cxb6 Qxc2 19. Rxc2 e3 20. Bd4 axb6 21. Rxb6 Bf7 22. fxe3 Ba5 23. Rxb7 Rfc8 24. Rcb2 h6 25. Rxf7 Rc1+ 26. Kf2 Be1+ 27. Kf3 Kxf7 28. Rb7+ Ke6 29. Rxg7 Bc3 30. Rg6+ Kf7 31. Rxh6 Bxd4 32. exd4 Rxa2 33. Kf4 Rxe2 34. Bxd5+ Kg7 35. Rh5 Rf1+ 36. Kg5 Rd2 37. Be6 f4 38. gxf4 Rxd4 39. Rh4 Re1 40. Bf5 Rd5 41. Rg4 Kf7 42. Rh4 Rg1+ 43. Rg4 Ra1 44. Rh4 Raa5 45. Rh7+ Kg8 46. Rh3 Rxf5+ 47. Kg4 Kg7 48. Rc3 Rf7 49. h4 Ra4 50. Rf3 Kf6 51. Rc3 Rg7+ 52. Kf3 Ra5 53. Rc8 Ra3+ 54. Kf2 Kf5 55. Rf8+ Kg4 0-1